000 00656cab a2200229 4500
001 WB3427-09
008 090401t1998 xxu||||| |||| 00| 0 eng d
035 _a(Sirsi) u87478
041 _aeng
245 _aProperty assets sell-off
260 _c1998
350 _a0
490 _aTimes
_v15 July 1998, 9(1)
520 _aGovernment plans a massive sell off of state property assets to fund spending on health, education and transport.
650 _aCOMPREHENSIVE SPENDING REVIEW
650 _aGOVERNMENT BUILDINGS
650 _aSALE
650 _aSTATE ASSETS
690 _aPROPERTY-COMMERCIAL PROPERTY
942 _n0
948 _c17/07/1998
999 _c55176
_d55176